Online Catalogue and eLibrary

Imperialism Without Colonies : (Record no. 604)

MARC details
000 -LEADER
fixed length control field 00427nam a22001697a 4500
005 - DATE AND TIME OF LATEST TRANSACTION
control field 20240322064138.0
008 - FIXED-LENGTH DATA ELEMENTS--GENERAL INFORMATION
fixed length control field 240322b |||||||| |||| 00| 0 eng d
020 ## - INTERNATIONAL STANDARD BOOK NUMBER
ISBN 9788189833213
082 ## - DDC Classification
DDC Edition Number 22
Class No. 325.
Item Number - Author Mark IMP.
100 ## - MAIN ENTRY--PERSONAL NAME
Personal name Magdoff, Harry.
245 ## - TITLE STATEMENT
Title Imperialism Without Colonies :
Statement of responsibility, etc. Harry Magdoff.
250 ## - EDITION STATEMENT
Edition statement 1 st.
260 ## - PUBLICATION, DISTRIBUTION, ETC.
Place of publication, distribution, etc. Delhi :
Name of publisher, distributor, etc. Aakar Books /
Date of publication, distribution, etc. 2007.
300 ## - PHYSICAL DESCRIPTION
Extent (e.g. Volumes, Pages etc.) 152 p.,
650 ## - SUBJECT ADDED ENTRY--TOPICAL TERM
Topical term or geographic name entry element Historical.
942 ## - Koha item type (Biblio)
Koha item type Books in Stacks (Lending)
Holdings
Lost status Damaged status Collection code Home library Current library Date acquired Full call number Accession Number Item type
    Lending WERC Library WERC Library 03/22/2024 325. IMP. 6727 Books in Stacks (Lending)

© WERC Library